[Event "Russian Women's Higher League 2021"]
[Site "?"]
[Date "2021.06.28"]
[Round "3.14"]
[White "Faizutdinova, Diana"]
[Black "Goltseva, Ekaterina"]
[Result "0-1"]
[WhiteElo "2027"]
[BlackElo "2272"]
[Annotator ""]
[Source ""]
[Remark ""]

1.d4 {[%clk 1:30:56]} Nf6 {[%clk 1:30:50]} 2.Nc3 {[%clk 1:31:14]}
d5 {[%clk 1:31:16]} 3.Bg5 {[%clk 1:31:35]} h6 {[%clk 1:30:07]}
4.Bxf6 {[%clk 1:29:39]} exf6 {[%clk 1:30:34]} 5.e3 {[%clk 1:29:41]}
c6 {[%clk 1:29:22]} 6.Bd3 {[%clk 1:24:49]} Bd6 {[%clk 1:27:07]}
7.Qf3 {[%clk 1:22:33]} g6 {[%clk 1:23:00]} 8.g4 {[%clk 1:15:10]}
h5 {[%clk 1:21:48]} 9.gxh5 {[%clk 1:15:29]} Rxh5 {[%clk 1:22:01]}
10.Nge2 {[%clk 1:15:35]} f5 {[%clk 1:14:53]} 11.O-O-O {[%clk 1:12:53]}
Be6 {[%clk 1:07:51]} 12.Nf4 {[%clk 1:03:43]} Bxf4 {[%clk 1:03:42]}
13.Qxf4 {[%clk 1:03:54]} Rh4 {[%clk 1:00:59]} 14.Qg3 {[%clk 1:00:10]}
Nd7 {[%clk 0:59:13]} 15.Ne2 {[%clk 0:44:46]} Qe7 {[%clk 0:54:12]}
16.Nf4 {[%clk 0:39:29]} Rg4 {[%clk 0:53:34]} 17.Qf3 {[%clk 0:33:15]}
O-O-O {[%clk 0:52:33]} 18.Rdg1 {[%clk 0:26:16]} Rh8 {[%clk 0:44:06]}
19.Rg3 {[%clk 0:18:33]} Rgh4 {[%clk 0:42:32]} 20.Rh3 {[%clk 0:15:46]}
Rxh3 {[%clk 0:40:40]} 21.Nxh3 {[%clk 0:16:11]} g5 {[%clk 0:33:52]}
22.Qg2 {[%clk 0:13:52]} f6 {[%clk 0:23:55]} 23.f4 {[%clk 0:12:15]}
Rg8 {[%clk 0:17:11]} 24.Qf2 {[%clk 0:10:36]} Kb8 {[%clk 0:10:55]}
25.Ng1 {[%clk 0:10:51]} Nb6 {[%clk 0:11:12]} 26.Ne2 {[%clk 0:06:27]}
Nc4 {[%clk 0:10:50]} 27.Ng3 {[%clk 0:06:29]} Nd6 {[%clk 0:10:42]}
28.Rf1 {[%clk 0:04:12]} Re8 {[%clk 0:08:30]} 29.Qe1 {[%clk 0:02:17]}
Qh7 {[%clk 0:07:43]} 30.Qf2 {[%clk 0:02:08]} Rf8 {[%clk 0:04:55]}
31.Qg1 {[%clk 0:02:19]} Qe7 {[%clk 0:04:26]} 32.Qf2 {[%clk 0:01:04]}
Bd7 {[%clk 0:04:37]} 33.Re1 {[%clk 0:00:59]} Ka8 {[%clk 0:04:29]}
34.a3 {[%clk 0:01:04]} a6 {[%clk 0:02:09]} 35.Kb1 {[%clk 0:01:24]}
Ne4 {[%clk 0:01:59]} 36.Nxe4 {[%clk 0:00:33]} fxe4 {[%clk 0:02:11]}
37.Be2 {[%clk 0:00:49]} Rh8 {[%clk 0:01:49]} 38.fxg5 {[%clk 0:00:55]}
fxg5 {[%clk 0:02:16]} 39.Rg1 {[%clk 0:00:51]} Rh3 {[%clk 0:00:57]}
40.Bg4 {[%clk 0:30:51]} Bxg4 {[%clk 0:30:51]} 41.Rxg4 {[%clk 0:31:16]}
Rf3 {[%clk 0:29:10]} 42.Qg1 {[%clk 0:30:50]} c5 {[%clk 0:20:08]}
43.Rxg5 {[%clk 0:24:28]} cxd4 {[%clk 0:19:31]} 44.Rg8+ {[%clk 0:21:31]}
Ka7 {[%clk 0:18:22]} 45.Qd1 {[%clk 0:21:11]} d3 {[%clk 0:17:15]}
46.cxd3 {[%clk 0:06:19]} Rxe3 {[%clk 0:17:17]} 47.Rg3 {[%clk 0:04:00]}
exd3 {[%clk 0:14:59]} 48.Rxe3 {[%clk 0:03:57]} Qxe3 {[%clk 0:15:25]}
49.h4 {[%clk 0:03:51]} Qe4 {[%clk 0:14:26]} 50.Qg1+ {[%clk 0:01:13]}
d4 {[%clk 0:14:36]} 51.Qg5 {[%clk 0:01:19]} d2+ {[%clk 0:14:48]}
52.Ka2 {[%clk 0:01:44]} d1Q {[%clk 0:15:08]} 53.Qc5+ {[%clk 0:01:54]}
b6 {[%clk 0:15:34]} 0-1

[Event "Russian Women's Higher League 2021"]
[Site "?"]
[Date "2021.06.28"]
[Round "3.15"]
[White "Shafigullina, Zarina"]
[Black "Grigorieva, Yulia"]
[Result "1/2-1/2"]
[WhiteElo "2244"]
[BlackElo "2143"]
[Annotator ""]
[Source ""]
[Remark ""]

1.d4 {[%clk 1:29:29]} Nf6 {[%clk 1:30:28]} 2.c4 {[%clk 1:29:51]}
g6 {[%clk 1:30:50]} 3.g3 {[%clk 1:29:51]} Bg7 {[%clk 1:31:07]}
4.Bg2 {[%clk 1:30:12]} O-O {[%clk 1:31:14]} 5.Nf3 {[%clk 1:30:35]}
d6 {[%clk 1:31:38]} 6.Nc3 {[%clk 1:30:55]} Nc6 {[%clk 1:31:33]}
7.O-O {[%clk 1:31:14]} e5 {[%clk 1:31:45]} 8.d5 {[%clk 1:30:27]}
Nb8 {[%clk 1:32:02]} 9.e4 {[%clk 1:30:11]} a5 {[%clk 1:32:18]}
10.a3 {[%clk 1:23:41]} Nbd7 {[%clk 1:31:11]} 11.Ne1 {[%clk 1:22:08]}
Nc5 {[%clk 1:24:17]} 12.Be3 {[%clk 1:22:22]} Ng4 {[%clk 1:18:11]}
13.Bxc5 {[%clk 1:21:25]} dxc5 {[%clk 1:18:40]} 14.Nd3 {[%clk 1:20:49]}
Qe7 {[%clk 1:15:22]} 15.h3 {[%clk 1:19:42]} Nf6 {[%clk 1:14:01]}
16.f4 {[%clk 1:19:26]} Ne8 {[%clk 1:07:05]} 17.Qc2 {[%clk 1:00:53]}
b6 {[%clk 0:55:44]} 18.Rae1 {[%clk 0:57:58]} Nd6 {[%clk 0:49:17]}
19.b3 {[%clk 0:56:44]} a4 {[%clk 0:37:53]} 20.bxa4 {[%clk 0:37:54]}
Bd7 {[%clk 0:30:22]} 21.Nb5 {[%clk 0:32:32]} Bxb5 {[%clk 0:25:40]}
22.cxb5 {[%clk 0:32:57]} Ra7 {[%clk 0:24:31]} 23.f5 {[%clk 0:23:57]}
g5 {[%clk 0:16:34]} 24.Bf3 {[%clk 0:18:25]} Rfa8 {[%clk 0:15:27]}
25.Nb2 {[%clk 0:18:47]} Bf6 {[%clk 0:12:44]} 26.Bd1 {[%clk 0:19:08]}
h6 {[%clk 0:11:12]} 27.Qe2 {[%clk 0:19:13]} Kh7 {[%clk 0:10:21]}
28.Kg2 {[%clk 0:19:33]} Rg8 {[%clk 0:09:59]} 29.Qc2 {[%clk 0:19:42]}
Rga8 {[%clk 0:10:02]} 30.Qc3 {[%clk 0:18:11]} Rg8 {[%clk 0:08:50]}
31.Qc1 {[%clk 0:16:30]} Rga8 {[%clk 0:08:11]} 32.Nd3 {[%clk 0:16:08]}
Qd7 {[%clk 0:07:05]} 33.Qb2 {[%clk 0:11:12]} Kg7 {[%clk 0:03:23]}
34.Nf2 {[%clk 0:10:00]} h5 {[%clk 0:02:55]} 35.Qe2 {[%clk 0:06:56]}
Rh8 {[%clk 0:03:24]} 36.Bc2 {[%clk 0:06:13]} Kf8 {[%clk 0:03:16]}
37.Nd1 {[%clk 0:05:45]} Ke7 {[%clk 0:03:20]} 38.Ne3 {[%clk 0:05:43]}
Raa8 {[%clk 0:03:09]} 39.Rb1 {[%clk 0:05:44]} Ra7 {[%clk 0:02:52]}
40.Nd1 {[%clk 0:34:53]} Raa8 {[%clk 0:31:21]} 41.Nf2 {[%clk 0:34:57]}
Ra7 {[%clk 0:23:37]} 1/2-1/2

[Event "Russian Women's Higher League 2021"]
[Site "?"]
[Date "2021.06.28"]
[Round "3.16"]
[White "Nur-Mukhametova, Alisa"]
[Black "Karmanova, Olga Dm."]
[Result "1-0"]
[WhiteElo "2233"]
[BlackElo "2053"]
[Annotator ""]
[Source ""]
[Remark ""]

1.e4 {[%clk 1:28:00]} c6 {[%clk 1:30:54]} 2.d4 {[%clk 1:27:50]}
d5 {[%clk 1:31:17]} 3.exd5 {[%clk 1:28:05]} cxd5 {[%clk 1:31:42]}
4.c4 {[%clk 1:28:31]} Nf6 {[%clk 1:31:20]} 5.Nc3 {[%clk 1:28:50]}
Nc6 {[%clk 1:29:40]} 6.Nf3 {[%clk 1:28:21]} Be6 {[%clk 1:25:56]}
7.c5 {[%clk 1:22:05]} g6 {[%clk 1:23:37]} 8.Bb5 {[%clk 1:19:21]}
Bg7 {[%clk 1:18:55]} 9.h3 {[%clk 1:12:08]} O-O {[%clk 1:14:44]}
10.O-O {[%clk 1:10:40]} Qc7 {[%clk 1:09:20]} 11.Re1 {[%clk 1:08:22]}
Rad8 {[%clk 1:04:17]} 12.Ne2 {[%clk 1:03:24]} Ne4 {[%clk 1:00:11]}
13.Bf4 {[%clk 0:59:04]} Qc8 {[%clk 0:57:17]} 14.Be3 {[%clk 0:53:02]}
f6 {[%clk 0:50:50]} 15.a3 {[%clk 0:37:59]} Bf7 {[%clk 0:47:21]}
16.Rc1 {[%clk 0:36:36]} e5 {[%clk 0:40:44]} 17.b4 {[%clk 0:35:29]}
h6 {[%clk 0:32:16]} 18.Qc2 {[%clk 0:30:03]} g5 {[%clk 0:22:51]}
19.Qb2 {[%clk 0:16:06]} Qb8 {[%clk 0:11:11]} 20.Rcd1 {[%clk 0:09:16]}
Ne7 {[%clk 0:10:25]} 21.Qa1 {[%clk 0:06:56]} Ng6 {[%clk 0:07:47]}
22.Bc1 {[%clk 0:06:20]} Nf4 {[%clk 0:06:41]} 23.Bb2 {[%clk 0:05:42]}
a6 {[%clk 0:03:41]} 24.Ba4 {[%clk 0:05:41]} Bh5 {[%clk 0:04:06]}
25.Nxf4 {[%clk 0:01:51]} exf4 {[%clk 0:04:06]} 26.Bb3 {[%clk 0:01:29]}
Bf7 {[%clk 0:01:54]} 27.a4 {[%clk 0:01:02]} h5 {[%clk 0:02:17]}
28.Nh2 {[%clk 0:00:57]} Qc8 {[%clk 0:00:47]} 29.Qc1 {[%clk 0:00:33]}
Bh6 {[%clk 0:01:13]} 30.f3 {[%clk 0:00:40]} Ng3 {[%clk 0:01:38]}
31.Qc2 {[%clk 0:00:33]} Nf5 {[%clk 0:01:49]} 32.Nf1 {[%clk 0:00:53]}
Rfe8 {[%clk 0:01:16]} 33.Bc3 {[%clk 0:01:11]} Ne3 {[%clk 0:00:55]}
34.Nxe3 {[%clk 0:01:31]} fxe3 {[%clk 0:01:20]} 35.Qd3 {[%clk 0:01:39]}
g4 {[%clk 0:01:37]} 36.Bc2 {[%clk 0:01:51]} Kf8 {[%clk 0:01:20]}
37.Qh7 {[%clk 0:02:03]} Bg7 {[%clk 0:01:19]} 38.hxg4 {[%clk 0:01:32]}
hxg4 {[%clk 0:01:44]} 39.f4 {[%clk 0:00:54]} Qc7 {[%clk 0:01:00]}
40.g3 {[%clk 0:30:58]} e2 {[%clk 0:31:16]} 41.Rd3 {[%clk 0:29:01]}
Re4 {[%clk 0:22:19]} 42.Bd2 {[%clk 0:19:20]} Rde8 {[%clk 0:14:50]}
43.Kg2 {[%clk 0:12:41]} f5 {[%clk 0:09:14]} 44.Qxf5 {[%clk 0:09:09]}
Bxd4 {[%clk 0:07:13]} 45.Rxd4 {[%clk 0:05:47]} Rxd4 {[%clk 0:07:30]}
46.Bc3 {[%clk 0:06:07]} Rd1 {[%clk 0:02:22]} 47.Qf6 {[%clk 0:02:32]}
Rxe1 {[%clk 0:01:59]} 48.Qg7+ {[%clk 0:02:26]} Ke7 {[%clk 0:02:24]}
49.Bf6+ {[%clk 0:01:54]} Kd7 {[%clk 0:01:27]} 50.Qxf7+ {[%clk 0:02:06]}
Kc6 {[%clk 0:01:50]} 51.Qxe8+ {[%clk 0:02:31]} Qd7 {[%clk 0:02:16]}
52.Qxd7+ {[%clk 0:00:39]} Kxd7 {[%clk 0:02:41]} 53.Kf2 {[%clk 0:00:45]}
Rg1 {[%clk 0:02:02]} 54.Bf5+ {[%clk 0:00:43]} Ke8 {[%clk 0:02:04]}
55.Bc3 {[%clk 0:00:42]} Rf1+ {[%clk 0:02:02]} 56.Kxe2 {[%clk 0:01:03]}
Rf3 {[%clk 0:02:29]} 57.Be1 {[%clk 0:01:22]} Ra3 {[%clk 0:02:56]}
58.a5 {[%clk 0:01:18]} d4 {[%clk 0:02:38]} 59.Bxg4 {[%clk 0:01:34]} 1-0

[Event "Russian Women's Higher League 2021"]
[Site "?"]
[Date "2021.06.28"]
[Round "3.17"]
[White "Tochilkina, Ekaterina"]
[Black "Nosacheva, Mariya"]
[Result "1/2-1/2"]
[WhiteElo "1877"]
[BlackElo "2226"]
[Annotator ""]
[Source ""]
[Remark ""]

1.e4 {[%clk 1:30:57]} e5 {[%clk 1:28:29]} 2.Nf3 {[%clk 1:31:20]}
Nc6 {[%clk 1:28:52]} 3.Bb5 {[%clk 1:31:44]} a6 {[%clk 1:29:12]}
4.Ba4 {[%clk 1:32:02]} Nf6 {[%clk 1:29:18]} 5.O-O {[%clk 1:32:16]}
d6 {[%clk 1:29:43]} 6.Re1 {[%clk 1:32:18]} Bd7 {[%clk 1:30:06]}
7.c3 {[%clk 1:32:01]} g6 {[%clk 1:28:09]} 8.d4 {[%clk 1:31:28]}
Bg7 {[%clk 1:28:28]} 9.Nbd2 {[%clk 1:28:50]} b5 {[%clk 1:22:44]}
10.Bc2 {[%clk 1:23:14]} O-O {[%clk 1:23:05]} 11.Nf1 {[%clk 1:22:26]}
Nh5 {[%clk 1:18:49]} 12.Ng3 {[%clk 1:16:50]} Bg4 {[%clk 1:15:42]}
13.d5 {[%clk 1:14:06]} Nxg3 {[%clk 1:13:56]} 14.fxg3 {[%clk 1:07:22]}
Ne7 {[%clk 1:08:05]} 15.h3 {[%clk 1:02:40]} Bd7 {[%clk 1:07:33]}
16.Be3 {[%clk 1:01:49]} c6 {[%clk 1:04:28]} 17.dxc6 {[%clk 0:55:32]}
Bxc6 {[%clk 1:02:26]} 18.Re2 {[%clk 0:54:02]} Qc7 {[%clk 1:00:36]}
19.Rd2 {[%clk 0:50:22]} Rad8 {[%clk 0:56:35]} 20.Qe2 {[%clk 0:49:54]}
d5 {[%clk 0:48:58]} 21.Bc5 {[%clk 0:39:25]} dxe4 {[%clk 0:43:32]}
22.Rxd8 {[%clk 0:37:45]} Rxd8 {[%clk 0:42:20]} 23.Ng5 {[%clk 0:35:06]}
Bh6 {[%clk 0:36:28]} 24.Nxe4 {[%clk 0:20:23]} f5 {[%clk 0:36:19]}
25.Bb3+ {[%clk 0:18:35]} Kg7 {[%clk 0:23:42]} 26.Nd6 {[%clk 0:16:23]}
Be4 {[%clk 0:20:14]} 27.Nxe4 {[%clk 0:15:47]} fxe4 {[%clk 0:20:31]}
28.Bxe7 {[%clk 0:15:05]} Qxe7 {[%clk 0:20:52]} 29.Qxe4 {[%clk 0:14:27]}
Kh8 {[%clk 0:15:00]} 30.Rf1 {[%clk 0:11:06]} Rf8 {[%clk 0:12:39]}
31.Rxf8+ {[%clk 0:08:01]} Bxf8 {[%clk 0:12:39]} 32.Qd5 {[%clk 0:07:46]}
Kg7 {[%clk 0:10:28]} 33.Bc2 {[%clk 0:07:11]} Qg5 {[%clk 0:06:09]}
34.Kh2 {[%clk 0:04:57]} Kh6 {[%clk 0:06:25]} 35.Qe4 {[%clk 0:03:42]}
Bc5 {[%clk 0:04:28]} 36.Qh4+ {[%clk 0:01:40]} Qh5 {[%clk 0:04:26]}
37.Qxh5+ {[%clk 0:01:50]} Kxh5 {[%clk 0:04:50]} 38.g4+ {[%clk 0:01:47]}
Kh4 {[%clk 0:04:35]} 39.g3+ {[%clk 0:02:10]} Kg5 {[%clk 0:05:00]}
40.Kg2 {[%clk 0:32:05]} Kf6 {[%clk 0:33:34]} 41.Kf3 {[%clk 0:31:25]} 1/2-1/2

[Event "Russian Women's Higher League 2021"]
[Site "?"]
[Date "2021.06.28"]
[Round "3.18"]
[White "Murashova, Ekaterina"]
[Black "Tokmakova, Ulyana"]
[Result "1-0"]
[WhiteElo "2214"]
[BlackElo "1887"]
[Annotator ""]
[Source ""]
[Remark ""]

1.e4 {[%clk 1:30:56]} e6 {[%clk 1:30:54]} 2.d4 {[%clk 1:31:12]}
d5 {[%clk 1:31:20]} 3.Nc3 {[%clk 1:31:37]} Bb4 {[%clk 1:31:46]}
4.e5 {[%clk 1:31:53]} Ne7 {[%clk 1:32:08]} 5.a3 {[%clk 1:32:18]}
Bxc3+ {[%clk 1:32:33]} 6.bxc3 {[%clk 1:32:44]} b6 {[%clk 1:33:00]}
7.Qg4 {[%clk 1:33:04]} Ng6 {[%clk 1:33:23]} 8.h4 {[%clk 1:33:29]}
h5 {[%clk 1:33:50]} 9.Qd1 {[%clk 1:33:50]} Ba6 {[%clk 1:33:10]}
10.Bxa6 {[%clk 1:34:14]} Nxa6 {[%clk 1:33:36]} 11.Bg5 {[%clk 1:34:38]}
Qd7 {[%clk 1:33:15]} 12.Ne2 {[%clk 1:34:56]} Qc6 {[%clk 1:29:17]}
13.O-O {[%clk 1:32:29]} Nb8 {[%clk 1:26:56]} 14.f4 {[%clk 1:18:42]}
Nd7 {[%clk 1:23:04]} 15.Qd3 {[%clk 0:58:16]} Ngf8 {[%clk 1:21:30]}
16.f5 {[%clk 0:57:29]} f6 {[%clk 1:04:54]} 17.fxe6 {[%clk 0:48:09]}
Qxe6 {[%clk 1:02:53]} 18.Nf4 {[%clk 0:39:44]} Qg8 {[%clk 1:01:42]}
19.e6 {[%clk 0:35:40]} O-O-O {[%clk 0:56:34]} 20.e7 {[%clk 0:30:30]}
Re8 {[%clk 0:56:34]} 21.Qa6+ {[%clk 0:30:51]} Kb8 {[%clk 0:56:56]}
22.exf8Q {[%clk 0:31:14]} Nxf8 {[%clk 0:56:09]} 23.Nd3 {[%clk 0:31:25]}
fxg5 {[%clk 0:51:06]} 24.Nc5 {[%clk 0:31:42]} 1-0

[Event "Russian Women's Higher League 2021"]
[Site "?"]
[Date "2021.06.28"]
[Round "3.19"]
[White "Mironenko, Galina"]
[Black "Miroshnik, Ekaterina"]
[Result "1-0"]
[WhiteElo "1952"]
[BlackElo "2234"]
[Annotator ""]
[Source ""]
[Remark ""]

1.d4 {[%clk 1:30:56]} d6 {[%clk 1:28:49]} 2.e4 {[%clk 1:31:13]}
g6 {[%clk 1:26:26]} 3.Nc3 {[%clk 1:30:39]} Bg7 {[%clk 1:24:30]}
4.g3 {[%clk 1:30:02]} Nd7 {[%clk 1:24:38]} 5.Bg2 {[%clk 1:30:07]}
e5 {[%clk 1:25:01]} 6.Nge2 {[%clk 1:30:01]} Ne7 {[%clk 1:24:15]}
7.O-O {[%clk 1:28:07]} O-O {[%clk 1:24:23]} 8.Bg5 {[%clk 1:23:13]}
h6 {[%clk 1:17:36]} 9.Be3 {[%clk 1:23:25]} Nc6 {[%clk 1:13:34]}
10.h3 exd4 {[%clk 1:09:20]} 11.Nxd4 {[%clk 1:18:29]} Nde5 {[%clk 1:05:22]}
12.Nxc6 bxc6 13.Qc1 {[%clk 1:06:15]} Kh7 {[%clk 0:59:19]} 14.f4
{[%clk 1:00:22]} Nc4 {[%clk 0:58:36]} 15.Bf2 {[%clk 0:58:04]}
Rb8 {[%clk 0:57:09]} 16.Bxa7 {[%clk 0:43:45]} Rxb2 {[%clk 0:49:54]}
17.e5 {[%clk 0:35:50]} Rb7 {[%clk 0:20:15]} 18.Bf2 {[%clk 0:32:18]}
Bd7 {[%clk 0:17:40]} 19.Ne4 {[%clk 0:25:33]} Qc8 {[%clk 0:15:49]}
20.Kh2 {[%clk 0:21:27]} Rb8 {[%clk 0:12:04]} 21.Nf6+ {[%clk 0:19:19]}
Bxf6 {[%clk 0:05:52]} 22.exf6 {[%clk 0:19:42]} c5 23.Re1 {[%clk 0:14:05]}
Re8 {[%clk 0:04:18]} 24.Bd5 {[%clk 0:14:03]} Rxe1 {[%clk 0:02:00]}
25.Qxe1 {[%clk 0:14:03]} Be6 {[%clk 0:02:14]} 26.Bxe6 {[%clk 0:11:56]}
Qxe6 {[%clk 0:02:14]} 27.Qxe6 {[%clk 0:11:56]} fxe6 {[%clk 0:02:14]}
28.Re1 {[%clk 0:11:56]} e5 {[%clk 0:02:14]} 29.Re4 {[%clk 0:11:56]}
d5 {[%clk 0:02:14]} 30.Rxc4 {[%clk 0:11:56]} dxc4 {[%clk 0:02:14]}
31.fxe5 {[%clk 0:11:56]} Kg8 {[%clk 0:02:14]} 32.e6 {[%clk 0:11:56]}
Rb5 {[%clk 0:02:14]} 33.a4 {[%clk 0:11:56]} Ra5 {[%clk 0:02:14]}
34.Be3 {[%clk 0:11:56]} g5 {[%clk 0:02:14]} 35.h4 {[%clk 0:11:56]}
Rxa4 {[%clk 0:02:14]} 36.hxg5 {[%clk 0:11:56]} hxg5 {[%clk 0:02:14]}
37.Bxg5 {[%clk 0:11:56]} Ra6 {[%clk 0:02:14]} 38.f7+ {[%clk 0:11:56]}
Kg7 {[%clk 0:01:04]} 39.Bh6+ {[%clk 0:04:12]} 1-0

[Event "Russian Women's Higher League 2021"]
[Site "?"]
[Date "2021.06.28"]
[Round "3.20"]
[White "Iljushina, Olga"]
[Black "Izbekova, Evdokia"]
[Result "1/2-1/2"]
[WhiteElo "2150"]
[BlackElo "1757"]
[Annotator ""]
[Source ""]
[Remark ""]

1.d4 {[%clk 1:30:58]} Nf6 {[%clk 1:30:54]} 2.c4 {[%clk 1:31:19]}
e6 {[%clk 1:31:20]} 3.g3 {[%clk 1:31:29]} Bb4+ {[%clk 1:31:15]}
4.Bd2 {[%clk 1:31:50]} Qe7 {[%clk 1:31:33]} 5.Bg2 {[%clk 1:31:15]}
Nc6 {[%clk 1:30:31]} 6.Nf3 {[%clk 1:27:47]} Ne4 {[%clk 1:26:38]}
7.O-O {[%clk 1:27:18]} Bxd2 {[%clk 1:24:15]} 8.Nbxd2 {[%clk 1:27:36]}
Nxd2 {[%clk 1:24:38]} 9.Qxd2 {[%clk 1:27:58]} O-O {[%clk 1:24:55]}
10.d5 {[%clk 1:20:57]} exd5 {[%clk 1:22:55]} 11.cxd5 {[%clk 1:21:17]}
Ne5 {[%clk 1:22:59]} 12.Rfc1 {[%clk 1:16:04]} Nxf3+ {[%clk 1:16:21]}
13.Bxf3 {[%clk 1:16:02]} Qe5 {[%clk 1:15:09]} 14.Rc3 {[%clk 1:12:48]}
Qd6 {[%clk 1:09:44]} 15.Rac1 {[%clk 1:11:35]} c6 {[%clk 1:09:16]}
16.Qc2 {[%clk 1:06:49]} h6 {[%clk 1:07:06]} 17.Qf5 {[%clk 1:01:51]}
Rb8 {[%clk 1:01:45]} 18.h4 {[%clk 0:57:51]} b6 {[%clk 0:52:45]}
19.Qd3 {[%clk 0:52:10]} c5 {[%clk 0:52:00]} 20.h5 {[%clk 0:44:49]}
Bb7 {[%clk 0:48:07]} 21.Qf5 {[%clk 0:43:22]} Rbe8 {[%clk 0:46:05]}
22.Be4 {[%clk 0:40:40]} g6 {[%clk 0:46:14]} 23.hxg6 {[%clk 0:40:43]}
fxg6 {[%clk 0:46:07]} 24.Qg4 {[%clk 0:40:00]} h5 {[%clk 0:42:31]}
25.Qh4 {[%clk 0:38:40]} Qf6 {[%clk 0:42:06]} 26.Qxf6 {[%clk 0:36:38]}
Rxf6 {[%clk 0:42:32]} 27.f3 {[%clk 0:32:04]} Kg7 {[%clk 0:38:46]}
28.Kg2 {[%clk 0:29:20]} a5 {[%clk 0:36:33]} 29.a4 {[%clk 0:25:23]}
Ba6 {[%clk 0:36:12]} 30.R1c2 {[%clk 0:24:21]} d6 {[%clk 0:28:04]}
31.Bd3 {[%clk 0:23:20]} Bxd3 {[%clk 0:27:35]} 32.Rxd3 {[%clk 0:23:42]}
Rf7 {[%clk 0:26:33]} 33.Rb3 {[%clk 0:21:48]} Rb7 {[%clk 0:26:42]}
34.e4 {[%clk 0:21:20]} Kf6 {[%clk 0:23:56]} 35.Rc4 {[%clk 0:20:34]}
b5 {[%clk 0:23:25]} 36.axb5 {[%clk 0:03:00]} Reb8 {[%clk 0:23:52]}
37.f4 {[%clk 0:02:52]} Rxb5 {[%clk 0:24:03]} 38.Rxb5 {[%clk 0:02:57]}
Rxb5 {[%clk 0:24:29]} 39.Rc2 {[%clk 0:03:05]} Rb3 {[%clk 0:18:36]}
40.Re2 {[%clk 0:32:49]} Rd3 {[%clk 0:48:31]} 41.e5+ {[%clk 0:24:31]}
dxe5 {[%clk 0:48:53]} 42.fxe5+ {[%clk 0:24:08]} Ke7 {[%clk 0:49:18]}
43.d6+ {[%clk 0:24:20]} Ke6 {[%clk 0:49:44]} 44.Kf2 {[%clk 0:20:05]}
g5 {[%clk 0:48:26]} 45.Rc2 {[%clk 0:15:21]} Rd5 {[%clk 0:45:14]}
46.Re2 {[%clk 0:15:34]} Rd4 {[%clk 0:44:10]} 47.Rc2 {[%clk 0:13:12]}
c4 {[%clk 0:43:50]} 48.Re2 {[%clk 0:13:28]} Rd3 {[%clk 0:43:46]}
49.Re4 {[%clk 0:12:47]} Rd2+ {[%clk 0:42:07]} 50.Kf1 {[%clk 0:09:08]}
Rxb2 {[%clk 0:41:01]} 51.Rxc4 {[%clk 0:09:23]} Rb8 {[%clk 0:29:06]}
52.Ra4 {[%clk 0:04:51]} Ra8 {[%clk 0:29:11]} 53.Kf2 {[%clk 0:04:31]}
Ra7 {[%clk 0:26:40]} 54.Rc4 {[%clk 0:01:44]} a4 {[%clk 0:20:14]}
55.Rc2 {[%clk 0:01:26]} a3 {[%clk 0:20:06]} 56.Ra2 {[%clk 0:01:47]}
Kxe5 {[%clk 0:19:22]} 57.d7 {[%clk 0:02:10]} Rxd7 {[%clk 0:19:48]}
58.Rxa3 {[%clk 0:02:38]} Ke4 {[%clk 0:19:33]} 59.Re3+ {[%clk 0:01:09]}
Kf5 {[%clk 0:19:57]} 60.Kf3 {[%clk 0:00:43]} g4+ {[%clk 0:18:32]}
61.Ke2 {[%clk 0:01:11]} h4 {[%clk 0:17:37]} 62.gxh4 {[%clk 0:01:20]}
Rh7 {[%clk 0:17:44]} 63.Kf2 {[%clk 0:01:35]} Rxh4 {[%clk 0:17:56]}
64.Kg2 {[%clk 0:01:59]} Kf4 {[%clk 0:17:41]} 65.Re8 {[%clk 0:02:04]}
Rh6 {[%clk 0:17:27]} 66.Rf8+ {[%clk 0:02:04]} Kg5 {[%clk 0:17:23]}
67.Rg8+ {[%clk 0:02:23]} Kh4 {[%clk 0:17:22]} 1/2-1/2

[Event "Russian Women's Higher League 2021"]
[Site "?"]
[Date "2021.06.28"]
[Round "3.21"]
[White "Khokhlova, Daria"]
[Black "Kostornichenko, Yana"]
[Result "1-0"]
[WhiteElo "2148"]
[BlackElo "1773"]
[Annotator ""]
[Source ""]
[Remark ""]

1.d4 {[%clk 1:30:59]} Nf6 {[%clk 1:30:53]} 2.c4 {[%clk 1:31:27]}
e6 {[%clk 1:31:13]} 3.Nc3 {[%clk 1:31:53]} c5 {[%clk 1:31:36]}
4.d5 {[%clk 1:32:20]} exd5 {[%clk 1:31:59]} 5.cxd5 {[%clk 1:32:48]}
d6 {[%clk 1:32:12]} 6.e4 {[%clk 1:33:14]} g6 {[%clk 1:32:27]}
7.f4 {[%clk 1:33:41]} Bg7 {[%clk 1:32:47]} 8.Bb5+ {[%clk 1:34:01]}
Nfd7 {[%clk 1:33:07]} 9.Nf3 {[%clk 1:34:11]} a6 {[%clk 1:33:01]}
10.Bd3 {[%clk 1:34:38]} b5 {[%clk 1:32:55]} 11.O-O {[%clk 1:35:01]}
O-O {[%clk 1:33:04]} 12.Qe1 {[%clk 1:35:01]} Re8 {[%clk 1:32:06]}
13.Qg3 {[%clk 1:27:13]} b4 {[%clk 1:28:04]} 14.Nd1 {[%clk 1:18:56]}
Nf6 {[%clk 1:15:17]} 15.f5 {[%clk 1:17:29]} c4 {[%clk 1:05:29]}
16.Bc2 {[%clk 1:10:16]} Qc7 {[%clk 0:59:55]} 17.Qh4 {[%clk 0:59:38]}
Nbd7 {[%clk 0:57:47]} 18.Bg5 {[%clk 0:54:40]} a5 {[%clk 0:47:15]}
19.Ne3 {[%clk 0:45:59]} c3 {[%clk 0:43:08]} 20.b3 {[%clk 0:45:46]}
Qa7 {[%clk 0:35:46]} 21.Kh1 {[%clk 0:42:33]} Ba6 {[%clk 0:34:53]}
22.Rfe1 {[%clk 0:39:10]} Bb5 {[%clk 0:33:59]} 23.Rad1 {[%clk 0:38:02]}
a4 {[%clk 0:27:47]} 24.Nd4 {[%clk 0:37:17]} Qb6 {[%clk 0:25:54]}
25.Nxb5 {[%clk 0:36:40]} Qxb5 {[%clk 0:23:13]} 26.Nc4 {[%clk 0:35:45]}
Qa6 {[%clk 0:22:37]} 27.Rf1 {[%clk 0:34:36]} Rf8 {[%clk 0:21:10]}
28.Qg3 {[%clk 0:30:57]} axb3 {[%clk 0:21:16]} 29.axb3 {[%clk 0:31:15]}
Ne8 {[%clk 0:18:40]} 30.Be7 {[%clk 0:30:22]} Qa2 {[%clk 0:16:23]}
31.Bxf8 {[%clk 0:28:42]} Bxf8 {[%clk 0:15:57]} 32.fxg6 {[%clk 0:28:22]}
hxg6 {[%clk 0:14:57]} 33.Qf2 {[%clk 0:27:10]} Ndf6 {[%clk 0:12:02]}
34.e5 {[%clk 0:19:54]} dxe5 {[%clk 0:12:13]} 35.Nxe5 {[%clk 0:20:18]}
Qa7 {[%clk 0:12:08]} 36.Qf3 {[%clk 0:19:01]} Bd6 {[%clk 0:10:49]}
37.Nc4 {[%clk 0:14:42]} Qc7 {[%clk 0:09:22]} 38.Nxd6 {[%clk 0:13:28]}
Qxd6 {[%clk 0:09:45]} 39.Bd3 {[%clk 0:09:25]} Kg7 {[%clk 0:08:57]}
40.Bc4 {[%clk 0:36:05]} Nc7 {[%clk 0:38:31]} 41.Rf2 {[%clk 0:34:40]}
Rh8 {[%clk 0:38:27]} 42.g4 {[%clk 0:28:43]} Rf8 {[%clk 0:36:18]}
43.Qf4 {[%clk 0:16:39]} Qxf4 {[%clk 0:32:49]} 44.Rxf4 {[%clk 0:17:08]}
c2 {[%clk 0:31:33]} 45.Rc1 {[%clk 0:17:14]} Ncxd5 {[%clk 0:31:14]}
46.Bxd5 {[%clk 0:17:30]} Nxd5 {[%clk 0:31:39]} 47.Rd4 {[%clk 0:17:43]}
Ne3 {[%clk 0:31:15]} 48.Re4 {[%clk 0:17:34]} Nd5 {[%clk 0:28:12]}
49.Rxc2 {[%clk 0:17:51]} f5 {[%clk 0:27:01]} 50.Re5 {[%clk 0:11:37]}
Nc3 {[%clk 0:26:13]} 51.gxf5 {[%clk 0:11:46]} gxf5 {[%clk 0:26:27]}
52.Rg2+ {[%clk 0:11:47]} Kf6 {[%clk 0:26:39]} 53.Rxf5+ {[%clk 0:11:37]}
Kxf5 {[%clk 0:26:42]} 54.Rf2+ {[%clk 0:12:06]} Ke4 {[%clk 0:26:52]}
55.Rxf8 {[%clk 0:12:33]} Kd3 {[%clk 0:27:08]} 56.Rb8 {[%clk 0:11:57]}
Na2 {[%clk 0:27:27]} 57.Rc8 {[%clk 0:11:23]} Nc3 {[%clk 0:27:47]}
58.Rc4 {[%clk 0:11:44]} Nd5 {[%clk 0:27:58]} 59.h4 {[%clk 0:12:00]}
Ke3 {[%clk 0:27:56]} 60.h5 1-0